Name Dropping #8: Romanticists - Statistics

General Stats
  • This quiz has been taken 73 times
  • The average score is 20 of 28
Answer Stats
Hint Extra Hint Answer % Correct
Edgar Allan Poet, fiction writer, essayist, literary critic (1809 – 1849) Poe
98%
Mary Novelist, short story writer, dramatist, essayist, travel writer (1797 – 1851) Shelley
92%
Victor Novelist, poet (1802 – 1885) Hugo
89%
Pyotr Composer (1840 – 1893) Tchaikovsky
85%
Frédéric Composer (1810 – 1849) Chopin
83%
Alexandre Historical novelist (1802 – 1870) Dumas
83%
Gustave Novelist (1821 – 1880) Flaubert
81%
Johann Wolfgang Poet, playwright, author (1749 – 1832) von Goethe
81%
Honoré Novelist, short story writer (1799 – 1850) de Balzac
79%
Francisco José Painter (1746 – 1828) de Goya
79%
Emily Poet (1830 – 1886) Dickinson
79%
Franz Composer (1811 – 1886) Liszt
79%
Walt Poet (1819 – 1892) Whitman
79%
William Poet, artist, and mystic (1757 – 1827) Blake
72%
Samuel Taylor Poet (1772 –1834) Coleridge
70%
Felix Composer (1809 – 1847) Mendelssohn
70%
Hector Composer (1803 – 1869) Berlioz
68%
Robert Poet (1759 – 1796) Burns
66%
Camille Composer (1835 – 1921) Saint-Saëns
66%
Percy Bysshe Poet (1792 – 1822) Shelley
66%
Eugène Painter (1798 – 1863) Delacroix
64%
Edvard Composer (1843 – 1907) Grieg
62%
Walter Historical novelist, playwright, poet (1771 – 1832) Scott
57%
John Poet (1795 – 1821) Keats
55%
John M.W. Landscape painter (1775 – 1851) Turner
53%
John Painter (1776 – 1837) Constable
51%
George Gordon Poet (1788 – 1824) Byron
43%
Gabriel Composer (1845 – 1924) Fauré
40%
No matching quizzes found
Score Distribution
Percent of People with Each Score
Percentile by Number Answered
Your Score History
You have not taken this quiz